| 000 | 00520nam a22002177a 4500 | ||
|---|---|---|---|
| 001 | 348 | ||
| 003 | FISKH | ||
| 005 | 20230328131554.0 | ||
| 008 | 230328b cb ||||| |||| 00| 0 eng d | ||
| 040 |
_aFISKH _beng _cFISKH _dFISKH |
||
| 050 | _aPZ7 | ||
| 082 | _a398.2 | ||
| 100 | _aAnderson, Helen | ||
| 245 | _aCinderella | ||
| 260 |
_aHertfordshire : _bMake Believe Ideas _c2015. |
||
| 300 |
_a18 leaves of plates. _c18 cm. |
||
| 505 | _aF | ||
| 521 | 8 |
_a340
_bLexile |
|
| 521 | 8 |
_aF
_bRaz-Plus |
|
| 942 |
_2ddc _cBK _n0 |
||
| 999 |
_c348 _d348 |
||